Les 10 meilleurs buteurs nés à partir de 2000. - Statistiques

Statistiques générales
  • Ce quiz a été pris 214 fois
  • Le résultat moyen est 8 sur 10
Statistiques - réponses
Buts Joueurs Buts par
clubs
Buts par
sélection
% Correct
213 Erling Haaland Bryne-0Molde-20 Salzbourg-29 Dortmund-86 Man City-54 Norvege-24
100%
75 Vinicius Junior Flamengo-14Real-58 Bresil-3
96%
119 Jonathan David La Gantoise-37Lille-58 Canada-24
93%
63 Phil Foden Man City-60 Angleterre-3
90%
78 Julian Alvarez River Plate-54Man City-17 Argentine-7
89%
104 Dusan Vlahovic Partizan-7Fiorentina-55 Juventus-29 Serbie-13
88%
65 Lois Openda Club Bruges-5Vitesse-37 Lens-21 Leipzig-0 Belgique-2
87%
65 Jadon Sancho Dortmund-50Man United-12 Angleterre-3
86%
69 Dominik Szoboszlai Liefering-16Salzbourg-26 Leipzig-20 Liverpool-0 Hongrie-7
58%
58 Karim Adeyemi Salzbourg-33Liefering-15 Dortmund-9 Allemagne-1
48%
Aucun quiz correspondant
Distribution des résultats
% des personnes avec chaque résultat
Percentile par nombre de réponses
Votre historique - résultats
Vous n’avez pas pris ce quiz